[Event "4NCL/Div2b/GUI3 vs. PPA2"]
[Site "Staverton Park ENG"]
[Date "2010.03.27"]
[Round "7.5"]
[White "Shaw, Matthew H"]
[Black "McCorry, Robert T"]
[Result "1/2-1/2"]
[WhiteElo "1956"]
[BlackElo "2061"]
[PlyCount "83"]
[EventDate "2010.03.27"]
[SourceDate "2009.10.24"]

1. e4 e5 2. Nf3 Nc6 3. Bb5 a6 4. Ba4 Nf6 5. O-O b5 6. Bb3 Bc5 7. c3 d6 8. d4
Bb6 9. Qd3 O-O 10. a4 Bg4 11. Nbd2 exd4 12. axb5 axb5 13. Rxa8 Qxa8 14. Nxd4
Nxd4 15. cxd4 Qa7 16. e5 Nd7 17. h3 Be6 18. Bxe6 fxe6 19. Qxb5 Rf7 20. Ne4 Bxd4
21. Ng5 Re7 22. exd6 cxd6 23. Qd3 Nf6 24. Nf3 Bc5 25. Bd2 e5 26. b4 Bd4 27.
Nxd4 Qxd4 28. Qxd4 exd4 29. Bf4 Rd7 30. Rd1 Nd5 31. Rxd4 Nxf4 32. Rxf4 Rb7 33.
Kf1 g5 34. Re4 Kf7 35. Ke2 Kf6 36. Ke3 h5 37. g4 hxg4 38. hxg4 d5 39. Rd4 Ke5
40. Kd3 Ra7 41. Ke3 Ra1 42. f3 1/2-1/2

[Event "4NCL/Div2b/GUI3 vs. PPA2"]
[Site "Staverton Park ENG"]
[Date "2010.03.27"]
[Round "7.6"]
[White "Judkins, Brian D"]
[Black "Johnson, Mike J"]
[Result "1/2-1/2"]
[WhiteElo "1858"]
[BlackElo "1858"]
[PlyCount "46"]
[EventDate "2010.03.27"]
[SourceDate "2009.10.24"]

1. e4 e5 2. Nf3 Nc6 3. d4 exd4 4. c3 dxc3 5. Nxc3 Bb4 6. Bc4 Bxc3+ 7. bxc3 d6
8. O-O Nf6 9. Ba3 Ng4 10. Bb5 a6 11. Bxc6+ bxc6 12. h3 Nh6 13. e5 c5 14. exd6
cxd6 15. Re1+ Be6 16. Qa4+ Qd7 17. Qe4 O-O 18. Rad1 Qc7 19. Bc1 d5 20. Qh4 Nf5
21. Qh5 g6 22. Qg5 Qd8 23. Qf4 Qb8 1/2-1/2

[Event "4NCL/Div2b/GUI3 vs. PPA2"]
[Site "Staverton Park ENG"]
[Date "2010.03.27"]
[Round "7.7"]
[White "Quinn, Joseph R"]
[Black "Redman, Paul"]
[Result "1-0"]
[WhiteElo "1803"]
[BlackElo "1882"]
[PlyCount "35"]
[EventDate "2010.03.27"]
[SourceDate "2009.10.24"]

1. e4 e5 2. Nf3 Nc6 3. Bc4 Bc5 4. d4 Nxd4 5. Nxe5 Ne6 6. Bxe6 dxe6 7. Qxd8+
Kxd8 8. Nxf7+ Ke8 9. Nxh8 Nf6 10. Nd2 Bd7 11. e5 Ng4 12. Ne4 Bd4 13. h3 Nxe5
14. Bf4 Bc6 15. O-O-O Bxe4 16. Rxd4 Bxg2 17. Re1 Bxh3 18. Bxe5 1-0

[Event "4NCL/Div2b/GUI3 vs. PPA2"]
[Site "Staverton Park ENG"]
[Date "2010.03.27"]
[Round "7.8"]
[White "Redman, David J"]
[Black "Taylor, Adam A"]
[Result "1/2-1/2"]
[WhiteElo "1866"]
[BlackElo "1850"]
[PlyCount "47"]
[EventDate "2010.03.27"]
[SourceDate "2009.10.24"]

1. d4 Nf6 2. c4 e5 3. dxe5 Ne4 4. Nf3 Bb4+ 5. Bd2 Nxd2 6. Nbxd2 Nc6 7. a3 Bxd2+
8. Qxd2 Qe7 9. e3 O-O 10. Bd3 Nxe5 11. Nxe5 Qxe5 12. O-O Re8 13. Rae1 d6 14. f4
Qc5 15. b4 Qb6 16. Rf3 a5 17. Rb1 axb4 18. axb4 Bd7 19. Qc2 h6 20. Rg3 Re7 21.
Qb2 f5 22. Qf6 Rae8 23. Qxh6 Qxe3+ 24. Rxe3 1/2-1/2

[Event "4NCL/Div2b/WWKS1 vs. E2E41"]
[Site "Staverton Park ENG"]
[Date "2010.03.27"]
[Round "7.1"]
[White "Thomas, Nicholas"]
[Black "Hulmes, David I"]
[Result "1/2-1/2"]
[WhiteElo "2291"]
[BlackElo "2227"]
[PlyCount "52"]
[EventDate "2010.03.27"]
[SourceDate "2009.10.24"]

1. e4 e5 2. Nf3 Nc6 3. d4 exd4 4. Bc4 Nf6 5. O-O Nxe4 6. Re1 d5 7. Bxd5 Qxd5 8.
Nc3 Qh5 9. Nxe4 Be6 10. Bg5 Bd6 11. c4 h6 12. Nxd6+ cxd6 13. Bf4 Qc5 14. Rc1
O-O 15. Nd2 Rfd8 16. Ne4 Qf5 17. Bxd6 Qg6 18. Bc7 Rd7 19. Bg3 b6 20. Qf3 Rad8
21. Qd3 Bf5 22. f3 Re7 23. c5 Rde8 24. cxb6 axb6 25. Qb5 Ne5 26. Nd2 Nd7
1/2-1/2

[Event "4NCL/Div2b/WWKS1 vs. E2E41"]
[Site "Staverton Park ENG"]
[Date "2010.03.27"]
[Round "7.2"]
[White "Byron, Alan M"]
[Black "Mason, Donald J"]
[Result "1-0"]
[WhiteElo "2194"]
[BlackElo "2223"]
[PlyCount "77"]
[EventDate "2010.03.27"]
[SourceDate "2009.10.24"]

1. c4 e5 2. g3 c6 3. Bg2 Nf6 4. d4 Bb4+ 5. Bd2 Bxd2+ 6. Qxd2 e4 7. d5 cxd5 8.
cxd5 O-O 9. Nc3 Re8 10. e3 d6 11. Nge2 Na6 12. O-O Bg4 13. h3 Bd7 14. Qd4 Re5
15. Nxe4 Nxe4 16. Bxe4 Bxh3 17. Bg2 Bxg2 18. Kxg2 Nc5 19. Rh1 Re4 20. Qd2 a5
21. Rh5 h6 22. f3 Rb4 23. Nd4 Qb6 24. b3 a4 25. Nc2 Rb5 26. b4 Nd7 27. a3 Nf6
28. Rf5 Rc8 29. e4 Qc7 30. Nd4 Qc4 31. Nxb5 Qxb5 32. g4 Nh7 33. Rh5 Qc4 34.
Rhh1 Qb3 35. Rac1 Rxc1 36. Rxc1 Qxa3 37. Rc8+ Nf8 38. e5 g5 39. e6 1-0

[Event "4NCL/Div2b/WWKS1 vs. E2E41"]
[Site "Staverton Park ENG"]
[Date "2010.03.27"]
[Round "7.3"]
[White "Hynes, AM (Tony)"]
[Black "Sugden, John N"]
[Result "0-1"]
[WhiteElo "2219"]
[BlackElo "2212"]
[PlyCount "103"]
[EventDate "2010.03.27"]
[SourceDate "2009.10.24"]

1. e4 c5 2. c3 d5 3. exd5 Qxd5 4. d4 Nf6 5. Nf3 Bg4 6. Be2 e6 7. O-O Nc6 8. h3
Bh5 9. Be3 cxd4 10. cxd4 Be7 11. Nc3 Qa5 12. Qb3 Qb4 13. Qc2 O-O 14. a3 Qd6 15.
Rfd1 a6 16. Rac1 Rac8 17. Qb3 b5 18. g4 Bg6 19. Qa2 Rfd8 20. Bg5 Nd5 21. Bxe7
Qxe7 22. Nxd5 exd5 23. b4 h5 24. Qd2 hxg4 25. hxg4 Qe4 26. g5 Re8 27. Re1 Bh5
28. Bd1 Qg4+ 29. Kh2 Rxe1 30. Nxe1 Qh4+ 31. Kg1 Bxd1 32. Rxd1 Re8 33. Ng2 Qg4
34. f3 Qxf3 35. Rf1 Qg4 36. Qf4 Qxf4 37. Nxf4 Nxd4 38. Nxd5 Re5 39. Nc7 Rxg5+
40. Kh2 Rg6 41. Rd1 Rc6 42. Nxa6 Rxa6 43. Rxd4 Rxa3 44. Rd5 g6 45. Rxb5 Kg7 46.
Rb7 g5 47. b5 Rb3 48. b6 Kg6 49. Rb8 Kf5 50. b7 Kg4 51. Kg2 Rb2+ 52. Kf1 0-1

[Event "4NCL/Div2b/WWKS1 vs. E2E41"]
[Site "Staverton Park ENG"]
[Date "2010.03.27"]
[Round "7.4"]
[White "Jackson, James P"]
[Black "Pitcher, John"]
[Result "1/2-1/2"]
[WhiteElo "2102"]
[BlackElo "2193"]
[PlyCount "81"]
[EventDate "2010.03.27"]
[SourceDate "2009.10.24"]

1. e4 c5 2. Nf3 e6 3. d4 cxd4 4. Nxd4 a6 5. Bd3 Bc5 6. Nb3 Ba7 7. Qe2 Nc6 8.
Be3 Bxe3 9. Qxe3 Nf6 10. f4 d6 11. O-O O-O 12. Kh1 e5 13. Nc3 Be6 14. f5 Bxb3
15. axb3 Nb4 16. Rad1 Rc8 17. Rd2 b5 18. Be2 Qc7 19. g4 Qc5 20. Qxc5 Rxc5 21.
Rxd6 h6 22. h4 Rfc8 23. g5 hxg5 24. hxg5 Rxc3 25. gxf6 Rxc2 26. Bh5 R2c6 27.
Rfd1 Rxd6 28. Rxd6 gxf6 29. Rxf6 Rc7 30. Kg2 Rd7 31. Kf3 Kg7 32. Rb6 f6 33. Bg6
Rc7 34. Kg4 Rd7 35. Kh4 Ra7 36. Rd6 Nc2 37. Rd3 Nd4 38. Rg3 Kf8 39. Kh5 Kg7 40.
Be8+ Kf8 41. Bg6 1/2-1/2

[Event "4NCL/Div2b/WWKS1 vs. E2E41"]
[Site "Staverton Park ENG"]
[Date "2010.03.27"]
[Round "7.5"]
[White "Clarke, Brandon GI"]
[Black "Denton, John R"]
[Result "0-1"]
[WhiteElo "2058"]
[BlackElo "2146"]
[PlyCount "54"]
[EventDate "2010.03.27"]
[SourceDate "2009.10.24"]

1. b3 Nf6 2. Bb2 d6 3. f4 g6 4. g3 Bg7 5. Bg2 Nc6 6. e4 e5 7. fxe5 dxe5 8. d3
Ng4 9. Nf3 Ne3 10. Qe2 Nd4 11. Nxd4 exd4 12. Na3 Be6 13. Bc1 Qd6 14. c4 O-O-O
15. Nc2 Bg4 16. Qf2 f5 17. Rb1 fxe4 18. Bxe4 Rhf8 19. Qd2 Qf6 20. Nxe3 dxe3 21.
Qxe3 Bh6 22. Bxb7+ Kb8 23. Bb2 Bxe3 24. Bxf6 Rxf6 25. Be4 Rf2 26. h3 Re2+ 27.
Kd1 Rb2+ 0-1

[Event "4NCL/Div2b/WWKS1 vs. E2E41"]
[Site "Staverton Park ENG"]
[Date "2010.03.27"]
[Round "7.6"]
[White "Mansson, James C"]
[Black "Fishburne, Stewart K"]
[Result "1-0"]
[WhiteElo "2142"]
[BlackElo "2106"]
[PlyCount "81"]
[EventDate "2010.03.27"]
[SourceDate "2009.10.24"]

1. Nf3 g6 2. c4 Bg7 3. e4 d6 4. d4 Nd7 5. Nc3 e5 6. Be2 Ne7 7. Be3 O-O 8. Qd2
Nc6 9. d5 Ne7 10. g4 c6 11. dxc6 Nf6 12. h3 bxc6 13. Rd1 Ne8 14. Bh6 Qb6 15.
Bxg7 Kxg7 16. Na4 Qc7 17. Nh2 f6 18. Nf1 Be6 19. Ne3 Rd8 20. Nc3 Rd7 21. h4 Ng8
22. b4 Rdf7 23. b5 Ne7 24. h5 Kg8 25. bxc6 Qxc6 26. Ned5 Bxd5 27. Nxd5 Nxd5 28.
exd5 Qc5 29. hxg6 hxg6 30. Qh6 Rg7 31. Bd3 Kf7 32. Rb1 Rfg8 33. Rb7+ Nc7 34. g5
fxg5 35. Qxg5 Kf8 36. Bxg6 Rf7 37. Rb8+ Ne8 38. Rxe8+ Kxe8 39. Bxf7+ Kxf7 40.
Rh7+ Kf8 41. Qe7# 1-0

[Event "4NCL/Div2b/WWKS1 vs. E2E41"]
[Site "Staverton Park ENG"]
[Date "2010.03.27"]
[Round "7.7"]
[White "Fallowfield, Jeremy"]
[Black "Morley, Andrew J"]
[Result "1-0"]
[WhiteElo "2048"]
[BlackElo "2058"]
[PlyCount "77"]
[EventDate "2010.03.27"]
[SourceDate "2009.10.24"]

1. e4 c5 2. c3 e6 3. d4 d5 4. e5 Nc6 5. Nf3 Qb6 6. a3 c4 7. Nbd2 Bd7 8. b3 cxb3
9. Nxb3 Na5 10. Nxa5 Qxa5 11. Bd2 Qc7 12. Bd3 Ne7 13. O-O Ng6 14. Ng5 Be7 15.
Qh5 Bxg5 16. Qxg5 Qd8 17. Qh5 Qh4 18. Qe2 Nf4 19. Bxf4 Qxf4 20. Bb5 Rd8 21.
Bxd7+ Rxd7 22. Qb5 Qh4 23. f4 Qe7 24. f5 exf5 25. Rxf5 O-O 26. Raf1 Qe6 27. Qd3
Rc8 28. Qh3 g6 29. Qg3 Rc6 30. Rf6 Qe8 31. h4 Rdc7 32. e6 fxe6 33. Qf4 Rc8 34.
Qe5 R8c7 35. h5 Rg7 36. h6 Rgc7 37. Rf8+ Qxf8 38. Qh8+ Kxh8 39. Rxf8# 1-0

[Event "4NCL/Div2b/WWKS1 vs. E2E41"]
[Site "Staverton Park ENG"]
[Date "2010.03.27"]
[Round "7.8"]
[White "Norinkeviciute, Rasa"]
[Black "Ingram, Keith R"]
[Result "1/2-1/2"]
[WhiteElo "2025"]
[BlackElo "2114"]
[PlyCount "121"]
[EventDate "2010.03.27"]
[SourceDate "2009.10.24"]

1. c4 e5 2. g3 Nf6 3. Bg2 Nc6 4. Nc3 Bb4 5. Nd5 Bc5 6. e3 d6 7. a3 a5 8. Ne2
Bg4 9. h3 Bh5 10. d3 O-O 11. O-O Nxd5 12. cxd5 Ne7 13. Kh2 Bb6 14. g4 Bg6 15.
e4 h5 16. Bg5 hxg4 17. hxg4 f6 18. Be3 Ra6 19. b3 Be8 20. Rh1 Ng6 21. Kg3 c6
22. Nc3 Bf7 23. Qg1 Be8 24. Rb1 Bd7 25. Bf3 Qe7 26. Qh2 Kf7 27. Qg1 Bd4 28. Qc1
Raa8 29. Qd2 c5 30. Ne2 b6 31. Rh7 Rh8 32. Rhh1 Raf8 33. Bg2 Qd8 34. f3 Rxh1
35. Rxh1 Rh8 36. Rh5 Ne7 37. Bxd4 cxd4 38. f4 Rxh5 39. gxh5 Qh8 40. Bf3 Qc8 41.
fxe5 dxe5 42. Qc1 Qxc1 43. Nxc1 f5 44. Be2 Kf6 45. Kh4 g5+ 46. hxg6 Nxg6+ 47.
Kg3 f4+ 48. Kf2 Kg5 49. Bd1 Ne7 50. Bf3 Nc8 51. a4 Nd6 52. Bd1 Nb7 53. Na2 Nc5
54. Bc2 b5 55. axb5 Bxb5 56. Nc1 Na6 57. Na2 Kh4 58. Kg2 Bd7 59. Bd1 Kg5 60.
Kf2 Bh3 61. Bc2 1/2-1/2

[Event "4NCL/Div2b/CHED vs. CELT1"]
[Site "Staverton Park ENG"]
[Date "2010.03.27"]
[Round "7.1"]
[White "Gormally, Daniel W"]
[Black "Maciol, Ryczard"]
[Result "1/2-1/2"]
[WhiteElo "2491"]
[BlackElo "2222"]
[PlyCount "87"]
[EventDate "2010.03.27"]
[SourceDate "2009.10.24"]

1. d4 e6 2. Nf3 Nf6 3. c4 d5 4. Nc3 Be7 5. Bg5 O-O 6. e3 c6 7. Bd3 Nbd7 8. cxd5
exd5 9. O-O Re8 10. Qc2 Nf8 11. Ne5 Ng4 12. Bxe7 Qxe7 13. Nxg4 Bxg4 14. Rfe1
Qd6 15. Rab1 Re6 16. b4 Rae8 17. b5 Rh6 18. f4 c5 19. Qf2 cxd4 20. exd4 Rhe6
21. Re5 Qa3 22. Qg3 f5 23. Nxd5 Qxa2 24. Ne3 Kh8 25. h3 Qd2 26. hxg4 Qxd3 27.
Rd1 Qb3 28. gxf5 R6e7 29. Qg5 h6 30. Qxe7 Rxe7 31. Rxe7 Nd7 32. Rc1 Nf6 33.
Rc8+ Kh7 34. Rcc7 Kh8 35. d5 Ne4 36. Nf1 Qxd5 37. Red7 Nd6 38. Rd8+ Kh7 39.
Rdd7 Kh8 40. Rd8+ Kh7 41. Rcd7 Qd4+ 42. Kh1 Qa1 43. Kg1 Qd4+ 44. Kh1 1/2-1/2

[Event "4NCL/Div2b/CHED vs. CELT1"]
[Site "Staverton Park ENG"]
[Date "2010.03.27"]
[Round "7.3"]
[White "Eggleston, David J"]
[Black "Kemp, Peter D"]
[Result "1-0"]
[WhiteElo "2357"]
[BlackElo "2164"]
[PlyCount "83"]
[EventDate "2010.03.27"]
[SourceDate "2009.10.24"]

1. e4 e5 2. Nf3 Nc6 3. Bc4 Bc5 4. b4 Bxb4 5. c3 Ba5 6. d4 exd4 7. O-O d6 8. Qb3
Qf6 9. cxd4 Bb6 10. e5 dxe5 11. dxe5 Qg6 12. Ba3 Be6 13. Rd1 Nge7 14. Nc3 O-O
15. Nd5 Bxd5 16. Bxd5 Nxd5 17. Rxd5 Rfd8 18. Rad1 h6 19. g3 Rxd5 20. Rxd5 Rd8
21. Nh4 Qe4 22. Rxd8+ Nxd8 23. Qf3 Qb1+ 24. Kg2 Qxa2 25. Nf5 Qe6 26. Qg4 Qxe5
27. Nxh6+ Kh7 28. Nf5 g6 29. Qh4+ Kg8 30. Qxd8+ Kh7 31. Qh4+ Kg8 32. Nh6+ Kg7
33. Ng4 Qe4+ 34. Kh3 Qf5 35. Qh6+ Kg8 36. Qf8+ Kh7 37. Bb2 Qh5+ 38. Kg2 Qd5+
39. f3 Qd2+ 40. Kh3 Qxb2 41. Qxf7+ Kh8 42. Nf6 1-0

[Event "4NCL/Div2b/CHED vs. CELT1"]
[Site "Staverton Park ENG"]
[Date "2010.03.27"]
[Round "7.4"]
[White "Pedersen, Carsten"]
[Black "Bellin, Robert"]
[Result "1/2-1/2"]
[WhiteElo "2157"]
[BlackElo "2373"]
[PlyCount "41"]
[EventDate "2010.03.27"]
[SourceDate "2009.10.24"]

1. e4 c5 2. Nc3 e6 3. g3 d5 4. exd5 exd5 5. d4 Nc6 6. Bg2 Nxd4 7. Nxd5 Bf5 8.
Ne3 Qe7 9. Kf1 Be4 10. c3 Bxg2+ 11. Kxg2 Ne6 12. Nf3 Qd7 13. Qxd7+ Kxd7 14.
Ne5+ Ke8 15. Re1 Ne7 16. N3c4 Rd8 17. Na5 Rb8 18. Nec4 Nd5 19. Re5 Nb6 20. Bf4
Nxc4 21. Nxc4 1/2-1/2

[Event "4NCL/Div2b/CHED vs. CELT1"]
[Site "Staverton Park ENG"]
[Date "2010.03.27"]
[Round "7.5"]
[White "Wallace, Paul A"]
[Black "Josse, Mark"]
[Result "1-0"]
[WhiteElo "2234"]
[BlackElo "2096"]
[PlyCount "59"]
[EventDate "2010.03.27"]
[SourceDate "2009.10.24"]

1. e4 c5 2. Nf3 d6 3. d4 cxd4 4. Nxd4 Nf6 5. Nc3 g6 6. Be3 Bg7 7. f3 Nc6 8. Qd2
O-O 9. O-O-O d5 10. exd5 Nxd5 11. Nxc6 bxc6 12. Bd4 e5 13. Bc5 Be6 14. Ne4 Rb8
15. Bc4 f5 16. Ng5 Bh6 17. h4 Re8 18. Kb1 Qf6 19. Bb3 a5 20. Qxa5 Bxg5 21. hxg5
Qxg5 22. Qa7 h5 23. Bd6 Ra8 24. Qb7 Qf6 25. Rhe1 Bf7 26. Bxe5 Rxe5 27. Qxa8+
Kg7 28. Rxe5 Qxe5 29. Qxc6 Qe2 30. Rc1 1-0

[Event "4NCL/Div2b/CHED vs. CELT1"]
[Site "Staverton Park ENG"]
[Date "2010.03.27"]
[Round "7.6"]
[White "French, Angus J"]
[Black "Bennett, Patrick J"]
[Result "1-0"]
[WhiteElo "2096"]
[BlackElo "2093"]
[PlyCount "79"]
[EventDate "2010.03.27"]
[SourceDate "2009.10.24"]

1. e4 g6 2. d4 Bg7 3. Nc3 d6 4. Be3 a6 5. Qd2 b5 6. a3 Bb7 7. O-O-O Nd7 8. f3
Rc8 9. g4 Ngf6 10. g5 Nh5 11. Nge2 c5 12. dxc5 Nxc5 13. Ng3 Qa5 14. Bd4 Ne6 15.
Bxg7 Nexg7 16. Qd4 O-O 17. Nxh5 Nxh5 18. Nd5 Bxd5 19. exd5 Qc7 20. Bd3 e5 21.
dxe6 fxe6 22. Rhe1 Nf4 23. Kb1 Qc5 24. Qxc5 Rxc5 25. Bf1 d5 26. Rd4 Rf5 27. h4
e5 28. Rd2 d4 29. a4 Nd5 30. axb5 axb5 31. Be2 Ne3 32. Rh1 Kg7 33. Rh3 Nd5 34.
Bd3 Rf8 35. Be4 Nf4 36. Rh1 b4 37. Ka2 Rb8 38. Kb3 Ra5 39. Rdd1 Ne6 40. Ra1 1-0

[Event "4NCL/Div2b/CHED vs. CELT1"]
[Site "Staverton Park ENG"]
[Date "2010.03.27"]
[Round "7.7"]
[White "Armstrong, Malcolm J"]
[Black "Thomas, Mark"]
[Result "0-1"]
[WhiteElo "1989"]
[BlackElo "2049"]
[PlyCount "224"]
[EventDate "2010.03.27"]
[SourceDate "2009.10.24"]

1. d4 d6 2. Nf3 Bg4 3. c4 Nd7 4. Nbd2 e5 5. d5 Be7 6. e4 Ngf6 7. Bd3 O-O 8. h3
Bh5 9. O-O Nc5 10. Bc2 a5 11. Re1 Nfd7 12. g4 Bg6 13. Nf1 c6 14. Ng3 cxd5 15.
cxd5 b5 16. Be3 Re8 17. Rc1 b4 18. Nd2 Bg5 19. Nc4 Bxe3 20. Nxe3 a4 21. Bb1 b3
22. a3 Qa5 23. Ngf5 Qa6 24. Qd2 Rac8 25. Rc3 Nf6 26. f3 Kf8 27. Rec1 Nfd7 28.
Kh2 f6 29. Nc4 Bxf5 30. gxf5 Ke7 31. Ne3 Rc7 32. Rg1 Rg8 33. Qe1 Rcc8 34. Rg2
Rcf8 35. Qh4 h6 36. Qf2 Ra8 37. Qg1 Kf7 38. Qe1 Qc8 39. Qe2 Qb8 40. Rg1 Ke7 41.
Rgc1 Qe8 42. Rc4 Qh5 43. Rg1 Rac8 44. Rg6 Nf8 45. Rg3 Nh7 46. Qg2 Ng5 47. Rg4
Qf7 48. h4 Nh7 49. Rc1 h5 50. Rg6 Nf8 51. Rg3 Nfd7 52. Nc4 Nb7 53. Bd3 Rc5 54.
Rg1 Kf8 55. Qd2 Qe8 56. Qb4 Qa8 57. Rc1 Qa7 58. Rgg1 Rxc4 59. Qxc4 Qf2+ 60. Rg2
Qxh4+ 61. Kg1 Nbc5 62. Qc3 Qf4 63. Bb5 Ke7 64. Re1 h4 65. Rg4 Qh6 66. Qe3 Qh5
67. Kh2 Nf8 68. Reg1 g6 69. Bxa4 g5 70. Bxb3 Nxb3 71. Qxb3 Nd7 72. Qc3 Rb8 73.
b4 Qe8 74. Rc1 Ra8 75. Rg2 Qb8 76. Ra2 Qa7 77. Qc7 Qe3 78. Qc3 Qf4+ 79. Kh1 g4
80. fxg4 Qxe4+ 81. Rg2 Rg8 82. Qh3 Qf4 83. Re1 Nb6 84. Qxh4 Nxd5 85. Qh2 Qf3
86. Qh7+ Kf8 87. Rc1 Nc3 88. Qh6+ Kf7 89. Qh7+ Rg7 90. Qh5+ Ke7 91. b5 Qe3 92.
Rcc2 d5 93. b6 Kd6 94. Qh8 Rf7 95. Qd8+ Rd7 96. Qxf6+ Kc5 97. Qh4 d4 98. Qf2
Rh7+ 99. Kg1 Qd3 100. Rc1 Kxb6 101. Qb2+ Kc6 102. f6 Qe3+ 103. Rf2 Rh3 104. Qd2
Rg3+ 105. Kf1 Qe4 106. Rxc3+ Rxc3 107. Qxc3+ dxc3 108. f7 Qh1+ 109. Ke2 c2 110.
f8=Q Qd1+ 111. Ke3 c1=Q+ 112. Ke4 Qe1+ 0-1

[Event "4NCL/Div2c/SAMS vs. E2E41"]
[Site "Sunningdale ENG"]
[Date "2010.05.02"]
[Round "10.1"]
[White "Ris, Robert"]
[Black "Tazbir, Marcin"]
[Result "1/2-1/2"]
[WhiteElo "2422"]
[BlackElo "2504"]
[PlyCount "25"]
[EventDate "2010.05.02"]
[SourceDate "2009.10.24"]

1. d4 d5 2. Nf3 Nf6 3. c4 dxc4 4. e3 a6 5. Bxc4 b5 6. Bb3 Bb7 7. O-O e6 8. Nc3
c5 9. e4 cxd4 10. Nxd4 Nc6 11. Be3 Nxd4 12. Bxd4 Be7 13. f3 1/2-1/2

[Event "4NCL/Div2c/SAMS vs. E2E41"]
[Site "Sunningdale ENG"]
[Date "2010.05.02"]
[Round "10.2"]
[White "Madan, Augustin"]
[Black "Rendle, Thomas E"]
[Result "0-1"]
[WhiteElo "2362"]
[BlackElo "2396"]
[PlyCount "164"]
[EventDate "2010.05.02"]
[SourceDate "2009.10.24"]

1. e4 e6 2. d3 d5 3. Nd2 c5 4. f4 Nc6 5. Ngf3 g6 6. g3 Bg7 7. Bg2 Nge7 8. O-O
b5 9. c4 Nb4 10. cxb5 Nxd3 11. e5 Qb6 12. Qe2 Qxb5 13. Ne1 Ba6 14. Nxd3 Qxd3
15. Qxd3 Bxd3 16. Rf3 Bb5 17. Rb3 Bd7 18. Nf3 O-O 19. Rb7 Rfd8 20. Be3 d4 21.
Bd2 Nd5 22. Ba5 Bc6 23. Rxa7 Rxa7 24. Bxd8 Ra8 25. Bh4 Ne3 26. Be7 Bf8 27. Bxf8
Kxf8 28. Ne1 Nxg2 29. Nxg2 c4 30. Rc1 Bd5 31. a3 Rb8 32. Rc2 Rb3 33. Ne1 c3 34.
bxc3 dxc3 35. Rc1 Rxa3 36. Kf2 Be4 37. Ke3 Bf5 38. Kd4 Ra2 39. Rxc3 Rxh2 40.
Re3 h6 41. Nf3 Ra2 42. Rc3 Bg4 43. Ne1 Rd2+ 44. Rd3 Re2 45. Re3 Rd2+ 46. Kc3
Ra2 47. Nc2 Kg7 48. Re1 Ra7 49. Ne3 h5 50. Rf1 Ra3+ 51. Kd4 Be2 52. Rf2 Ba6 53.
Rh2 Ra4+ 54. Kc3 Re4 55. Kd2 Rd4+ 56. Ke1 Rd3 57. Kf2 Bb7 58. Ke2 Rb3 59. Kf2
Be4 60. g4 hxg4 61. Nxg4 Rf3+ 62. Ke2 Rxf4 63. Nf6 Rxf6 64. exf6+ Kxf6 65. Ke3
Ke5 66. Rh8 f5 67. Rg8 f4+ 68. Kf2 Kf5 69. Rf8+ Kg4 70. Re8 Bd5 71. Rd8 g5 72.
Re8 Kf5 73. Rf8+ Kg6 74. Rg8+ Kf6 75. Rf8+ Kg7 76. Rb8 Kf7 77. Rb4 Kf6 78. Rb5
g4 79. Rb8 g3+ 80. Ke2 f3+ 81. Ke3 f2 82. Rf8+ Kg7 0-1

[Event "4NCL/Div2c/SAMS vs. E2E41"]
[Site "Sunningdale ENG"]
[Date "2010.05.02"]
[Round "10.3"]
[White "Tweedie, Steven"]
[Black "Mures, Cristian"]
[Result "1/2-1/2"]
[WhiteElo "2265"]
[BlackElo "2238"]
[PlyCount "31"]
[EventDate "2010.05.02"]
[SourceDate "2009.10.24"]

1. e4 d5 2. exd5 Qxd5 3. Nc3 Qd6 4. Nf3 Nf6 5. d4 c6 6. Bc4 Bg4 7. Be3 e6 8.
O-O Nbd7 9. h3 Bh5 10. Be2 Qc7 11. Nd2 Bxe2 12. Qxe2 Be7 13. Nce4 Nxe4 14. Nxe4
Nf6 15. Nxf6+ Bxf6 16. Rad1 1/2-1/2

[Event "4NCL/Div2c/SAMS vs. E2E41"]
[Site "Sunningdale ENG"]
[Date "2010.05.02"]
[Round "10.4"]
[White "Eden, Tomer"]
[Black "Rudolf, Anna"]
[Result "1/2-1/2"]
[WhiteElo "2197"]
[BlackElo "2293"]
[PlyCount "81"]
[EventDate "2010.05.02"]
[SourceDate "2009.10.24"]

1. c4 e5 2. Nc3 Nf6 3. g3 d5 4. cxd5 Nxd5 5. Bg2 Nb6 6. Nf3 Nc6 7. d3 Be7 8.
O-O O-O 9. a3 Be6 10. Qc2 Nd4 11. Nxd4 exd4 12. Ne4 Bd5 13. b4 a5 14. Bf4 c6
15. Nc5 Bxg2 16. Kxg2 Nd5 17. Bd2 axb4 18. axb4 b6 19. Rxa8 Qxa8 20. Nb3 Bxb4
21. Nxd4 c5 22. Nf3 Bxd2 23. Qxd2 f5 24. Qb2 h6 25. Ra1 Qb7 26. Qa2 Re8 27. Kf1
Qf7 28. Qc4 Kh7 29. Ra2 Qe6 30. Rb2 f4 31. Kg1 Kh8 32. d4 Rc8 33. dxc5 Rxc5 34.
Qd3 fxg3 35. hxg3 Qh3 36. Rc2 Ra5 37. Rc1 Nf4 38. gxf4 Rh5 39. Qd8+ Kh7 40.
Qd3+ Kh8 41. Qd8+ 1/2-1/2

[Event "4NCL/Div2c/SAMS vs. E2E41"]
[Site "Sunningdale ENG"]
[Date "2010.05.02"]
[Round "10.5"]
[White "Roberson, Peter T"]
[Black "Sugden, John N"]
[Result "1/2-1/2"]
[WhiteElo "2256"]
[BlackElo "2212"]
[PlyCount "78"]
[EventDate "2010.05.02"]
[SourceDate "2009.10.24"]

1. e4 c6 2. Nf3 d5 3. exd5 cxd5 4. Ne5 Nc6 5. d4 Nxe5 6. dxe5 e6 7. Bd3 Ne7 8.
O-O Nc6 9. f4 Bd7 10. Nd2 Be7 11. Nf3 Qb6+ 12. Kh1 Nb4 13. Be2 Bb5 14. Bxb5+
Qxb5 15. Nd4 Qb6 16. f5 Nc6 17. c3 Nxd4 18. cxd4 exf5 19. Qa4+ Qc6 20. Qxc6+
bxc6 21. Rxf5 f6 22. Be3 Kd7 23. Rc1 Rac8 24. Rf2 fxe5 25. dxe5 Rhf8 26. Rxf8
Bxf8 27. Kg1 c5 28. Kf2 d4 29. e6+ Kd8 30. Bd2 Rc6 31. Re1 h6 32. Ke2 Rxe6+ 33.
Kd3 Rxe1 34. Bxe1 Kd7 35. Kc4 Ke6 36. Bf2 Bd6 37. b4 cxb4 38. Bxd4 g6 39. Bxa7
Bxh2 1/2-1/2

[Event "4NCL/Div2c/SAMS vs. E2E41"]
[Site "Sunningdale ENG"]
[Date "2010.05.02"]
[Round "10.6"]
[White "Byron, Alan M"]
[Black "Krensing, Jan"]
[Result "0-1"]
[WhiteElo "2194"]
[BlackElo "2291"]
[PlyCount "122"]
[EventDate "2010.05.02"]
[SourceDate "2009.10.24"]

1. c4 e5 2. Nc3 Nf6 3. g3 d5 4. cxd5 Nxd5 5. Bg2 Nb6 6. d3 Be7 7. a3 Nc6 8. b4
Be6 9. Nf3 a5 10. b5 Nd4 11. Rb1 a4 12. Nxe5 Bb3 13. Qd2 f6 14. Ng4 Nc2+ 15.
Kf1 Ra7 16. Ne3 Nd4 17. h4 O-O 18. Bb2 f5 19. Ncd5 Nxb5 20. Nxe7+ Qxe7 21. h5
h6 22. Rh4 Nxa3 23. Rc1 Nb5 24. Rf4 Be6 25. Bh3 Qg5 26. Qb4 c6 27. Qc5 Nd7 28.
Qb4 a3 29. Ba1 Qxh5 30. Rh4 Qg6 31. Nc4 Nf6 32. e4 Ng4 33. Bxg4 fxg4 34. Ne5
Qg5 35. Re1 Raa8 36. Kg2 Rae8 37. Reh1 Bc8 38. Rh5 Qf6 39. Qd2 Re6 40. Qe3 Qe7
41. Nxg4 Nd6 42. Rxh6 Rxh6 43. Nxh6+ gxh6 44. Qxh6 Kf7 45. Qh5+ Ke6 46. Qg4+
Nf5 47. Qg6+ Kd7 48. exf5 Kd8 49. f6 Qd6 50. Rh4 Be6 51. Qg5 Qd5+ 52. Qxd5+
Bxd5+ 53. f3 b5 54. Rh7 b4 55. Ra7 Rf7 56. Ra8+ Kc7 57. g4 c5 58. Be5+ Kb6 59.
g5 Bxa8 60. g6 Rxf6 61. Bxf6 b3 0-1

[Event "4NCL/Div2c/SAMS vs. E2E41"]
[Site "Sunningdale ENG"]
[Date "2010.05.02"]
[Round "10.7"]
[White "Ackley, Peter JE"]
[Black "Jackson, James P"]
[Result "0-1"]
[WhiteElo "2092"]
[BlackElo "2102"]
[PlyCount "76"]
[EventDate "2010.05.02"]
[SourceDate "2009.10.24"]

1. d4 Nf6 2. c4 Nc6 3. Nf3 e6 4. g3 d5 5. Bg2 dxc4 6. Qa4 Bb4+ 7. Bd2 Nd5 8.
Bxb4 Ndxb4 9. a3 b5 10. Qd1 Nd5 11. e4 Nf6 12. Nc3 Rb8 13. O-O O-O 14. e5 Nd5
15. h4 Nxc3 16. bxc3 Ne7 17. Ng5 h6 18. Ne4 Bb7 19. f4 Nf5 20. Qe1 a5 21. Rb1
Bd5 22. Kh2 b4 23. axb4 axb4 24. Rxb4 Rxb4 25. cxb4 Nxd4 26. g4 Qa8 27. f5 Nc2
28. Qe2 Nxb4 29. f6 Bxe4 30. fxg7 Kxg7 31. Rf6 Bxg2 32. Qe3 Rh8 33. g5 hxg5 34.
Qxg5+ Kf8 35. Rxf7+ Kxf7 36. Qf6+ Ke8 37. Qxe6+ Kd8 38. Qf6+ Kc8 0-1